Stolice Oceanii (Bardzo Trudne +) - Statystyki

Ogólne statystyki
  • Ten quiz został rozwiązany 172 razy
    73 od ostatniego zresetowania
  • Średni wynik to 23 z 31
Statystyki odpowiedzi
Kraj Stolica % Poprawnych
Nowa Zelandia Wellington
96%
Kiribati Bairiki / Tarawa
93%
Fidżi Suva
93%
Tonga Nuku‘alofa
89%
Mikronezja Palikir
89%
Papua-Nowa Gwinea Port Moresby
89%
Tuvalu Vaiaku / Funafuti
89%
Stany Zjednoczone Waszyngton
89%
Indonezja Dżakarta
86%
Samoa Apia
82%
Australia Canberra
82%
Wyspy Marshalla Delap / Majuro
82%
Vanuatu Port Vila
82%
Nauru Yaren
82%
Wyspy Salomona Honiara
79%
Chile (Sala y Gómez) Santiago
79%
Palau Ngerulmud
75%
Japonia (Ogasawara) Tokio
75%
Hawaje Honolulu
71%
Niue Alofi
68%
Samoa Amerykańskie Pago Pago / Fagatogo
64%
Polinezja Francuska Papeete
64%
Wyspy Cooka Avarua
61%
Mariany Północne Capital Hill / Saipan
61%
Pitcairn Adamstown
57%
Norfolk Kingston
57%
Guam Hagåtña
54%
Nowa Kaledonia Numea
54%
Wallis i Futuna Mata Utu
50%
Wyspa Wielkanocna Hanga Roa
43%
Tokelau Atafu
32%
Nie znaleziono quizów pasujących do podanych kryteriów
Rozkład punktacji
Procent ludzi z każdym wynikiem
Percentyl według liczby udzielonych odpowiedzi
Twoja historia wyników
Nie rozwiązałeś tego quizu od ostatniego zresetowania